000 00673nam a22002177a 4500
005 20150615103754.0
008 140714b xxu||||| |||| 00| 0 Urdu d
010 _aUR-9061
020 _c450.00
_a9788192747729
035 _aU-7616
037 _bDBAD
040 _aDPL
_bUrdu
082 _a840.08
100 _aجعفر ر ضا
245 _a د بستا ن عشق کی مر ثيہ گو ئ
_c جعفر ر ضا
246 h _aDabistan-e-Ishq ki Maesiya Goee
_bBy Dr.Jafar Reza
260 _bShabistan
_c2013
_aAlllahabad
270 _a786, Shah Ganj,
_bAlllahabad
_k-
_e211003
300 _a399ص
_c22Cm (Hb)
942 _2ddc
_cUR
_e
_h840.08
_mج ع ف
999 _c94256
_d94256